Qi men wu zong gui : 4 juan /

Saved in:
Bibliographic Details
Main Author: Guo, Zicheng, active 1241.
Other Authors: Chi, Ji, active 1495-1508., Zhao, Pu, 921-991., Luo, Tong, 1389-1469.
Format: Book
Language:Chinese
Published: Shanghai : Sao ye shan fang, [n.d.]
Subjects:
Tags: Add Tag
No Tags, Be the first to tag this record!
LEADER 01566cam a2200385ui 4500
001 007741714-3
005 20024617112705.0
008 980318nuuuuuuuucc c 000 0 chi d
035 0 |a ocm38742051 
040 |a *YNH*  |c *YNH*  |d CStRLIN 
100 1 |6 880-01  |a Guo, Zicheng,  |d active 1241. 
245 1 0 |6 880-02  |a Qi men wu zong gui :  |b 4 juan /  |c Guo Zicheng zhuan ; Chi Ji jie zhu. Yan bo diao sou ge : 1 juan / Zhao Pu zhuan ge ; Luo Tong dun fa ; Chi Ji jie bian. 
246 1 |6 880-03  |i At head of title:  |a Xin bian Ri yong juan ji 
246 1 |6 880-04  |i Title p.:  |a Qi men tong shu da quan 
260 |6 880-05  |a Shanghai :  |b Sao ye shan fang,  |c [n.d.] 
300 |a 4 v. (double leaves) in case :  |b port. ;  |c 17 cm. 
500 |a Caption. 
500 |a Lithoprint. 
650 0 |a Astrology. 
650 0 |a Divination. 
700 1 |6 880-06  |a Chi, Ji,  |d active 1495-1508. 
700 1 |6 880-07  |a Zhao, Pu,  |d 921-991. 
700 1 |6 880-08  |a Luo, Tong,  |d 1389-1469. 
740 0 2 |6 880-09  |a Yan bo diao sou ge. 
880 1 |6 100-01  |a 郭子晟,  |d active 1241. 
880 1 0 |6 245-02  |a 奇門五總龜 :  |b 4卷 /  |c 郭子晟傳 ; 池紀解注. 烟波釣叟歌 : 1卷 / 趙普譔歌 ; 羅通遁法 ; 池紀解編. 
880 1 |6 246-03  |i At head of title:  |a 新編日用涓吉 
880 1 |6 246-04  |i Title p.:  |a 奇門通書大全 
880 |6 260-05  |a 上海 :  |b 掃葉山房,  |c [n.d.] 
880 1 |6 700-06  |a 池紀,  |d active 1495-1508. 
880 1 |6 700-07  |a 趙普,  |d 921-991. 
880 1 |6 700-08  |a 羅通,  |d 1389-1469. 
880 0 2 |6 740-09  |a 烟波釣叟歌. 
988 |a 20021121 
906 |0 MH